| 000 | 01219nam a2200361 a 4500 | ||
|---|---|---|---|
| 999 |
_c7897 _d7897 |
||
| 001 | 991002020029706706 | ||
| 003 | OSt | ||
| 005 | 20240523184301.0 | ||
| 008 | 911007s1991 spc|||||| 000 ||cat | ||
| 015 |
_aLL1991 _2bnc |
||
| 017 |
_aDL B. 12855-1991 _bBiblioteca de Catalunya |
||
| 020 | _a8429732632 | ||
| 035 | _a(ES-BaCBU).b1044399x | ||
| 035 | _a(OCoLC)801931641 | ||
| 040 |
_aES-BaBC _bcat _cCDMR |
||
| 043 |
_ae-sp--- _be-spc-- _2catmarc |
||
| 080 | _a504(467.1)(042) | ||
| 080 | _a341(4-6)(042) | ||
| 100 | 1 | _aVilanova, Santiago, | |
| 245 | 1 | 2 |
_aL'Onada ecològica : _bel repte ambiental català a l'Europa de l'Acta Única / _cSantiago Vilanova |
| 260 |
_aBarcelona : _bEdicions 62, _c1991 |
||
| 300 |
_a156 p. ; _c18 cm |
||
| 490 | 1 |
_aLlibres a l'abast ; _v261 |
|
| 505 | _aXVI Premi Xarxa d'Assaig 1990 | ||
| 630 | 0 | 7 |
_aActa Única Europea (1986) _2lemac |
| 650 | 7 |
_aMedi ambient _zCatalunya. _2lemac |
|
| 650 | 0 |
_aEcologisme _zCatalunya _94945 |
|
| 830 | 0 |
_aLlibres a l'abast ; _v261 |
|
| 907 |
_a.b1044399x _b22-06-21 _c06-05-08 _d06-05-08 _em _fa _g- _hcat _ispc _j2 _k26 |
||
| 908 |
_aBAB _aBC _aCLR _aUAB _aUB _aUPF _aCEC _aURL _aURV _aISPC _aGCDAC _aCDAM _aANC _aBMON |
||
| 940 | _aBC | ||
| 942 |
_2udc _cMON |
||